ARRUPE JESUIT UNIVERSITY

CORONAVIRUS -STOP THE SPREAD - CLEAN,DISINFECT,COVER

The elusive quest for growth (Record no. 130976)

MARC details
000 -LEADER
fixed length control field 00612nam a22001697a 4500
008 - FIXED-LENGTH DATA ELEMENTS--GENERAL INFORMATION
fixed length control field 211026b ||||| |||| 00| 0 eng d
020 ## - INTERNATIONAL STANDARD BOOK NUMBER
International Standard Book Number 0262550423
050 ## - LIBRARY OF CONGRESS CALL NUMBER
Classification number HC59.72.P6 E17 2001
100 ## - MAIN ENTRY--PERSONAL NAME
Personal name Easterly, William
9 (RLIN) 50675
245 ## - TITLE STATEMENT
Title The elusive quest for growth
Remainder of title economists adventures and misadventures in the Tropics
Statement of responsibility, etc by William Easterly
260 ## - PUBLICATION, DISTRIBUTION, ETC. (IMPRINT)
Place of publication, distribution, etc Cambridge:
Name of publisher, distributor, etc MIT Press
Date of publication, distribution, etc 2002
300 ## - PHYSICAL DESCRIPTION
Extent xiii, 342p.;
Dimensions 23cm.
650 ## - SUBJECT ADDED ENTRY--TOPICAL TERM
General subdivision Developing countries
9 (RLIN) 50676
Topical term or geographic name as entry element Poor
650 ## - SUBJECT ADDED ENTRY--TOPICAL TERM
Topical term or geographic name as entry element Poverty
General subdivision Developing countries
9 (RLIN) 21333
650 ## - SUBJECT ADDED ENTRY--TOPICAL TERM
Topical term or geographic name as entry element Developing countries
General subdivision Economic policy
9 (RLIN) 28701
942 ## - ADDED ENTRY ELEMENTS (KOHA)
Source of classification or shelving scheme Library of Congress Classification
Item type Monograph ( Printed materials)
Holdings
Withdrawn status Lost status Source of classification or shelving scheme Damaged status Not for loan Collection code Home library Current library Shelving location Date acquired Total Checkouts Full call number Barcode Date last seen Copy number Price effective from Koha item type
    Library of Congress Classification     Main Collection ARRUPE LIBRARY ARRUPE LIBRARY Main Collection 26/10/2021   HC59.72E17 2001 46600008003 26/10/2021 1 26/10/2021 Monograph ( Printed materials)

 

Arrupe Library. PO Box MP320 Mt Pleasant, Harare, Zimbabwe
263 242 745411|librarian@aju.ac.zw